Your child. (Record no. 14731)

000 -LEADER
fixed length control field 00707nam a2200217 a 4500
001 - CONTROL NUMBER
control field :::00012565$&:&@@
003 - CONTROL NUMBER IDENTIFIER
control field OkBaRHE
005 - DATE AND TIME OF LATEST TRANSACTION
control field 20000607103420.0
008 - FIXED-LENGTH DATA ELEMENTS--GENERAL INFORMATION
fixed length control field s1965 j 000 0 eng u
040 ## - CATALOGING SOURCE
Transcribing agency
100 1# - MAIN ENTRY--PERSONAL NAME
Personal name Mow, Anna B.
245 10 - TITLE STATEMENT
Title Your child.
260 ## - PUBLICATION, DISTRIBUTION, ETC. (IMPRINT)
Place of publication, distribution, etc Grand Rapids, MI., :
Name of publisher, distributor, etc Zondervan Publishing House
Date of publication, distribution, etc 1965
300 ## - PHYSICAL DESCRIPTION
Extent 152 p. ;
Dimensions 23 cm.
650 ## - SUBJECT ADDED ENTRY--TOPICAL TERM
Topical term or geographic name as entry element Child Rearing
650 ## - SUBJECT ADDED ENTRY--TOPICAL TERM
Topical term or geographic name as entry element Parent and Child
650 ## - SUBJECT ADDED ENTRY--TOPICAL TERM
Topical term or geographic name as entry element Religious Education of Children
942 ## - ADDED ENTRY ELEMENTS (KOHA)
Source of classification or shelving scheme
Koha item type Books
Copies
Barcode Shelving location Date last seen Copy number Price effective from Koha item type Withdrawn status Lost status Full call number Damaged status Source of classification or shelving scheme Not for loan Date acquired Permanent Location
12565General Stacks2010-04-1412010-04-14Books  HQ 769 .M56   2010-04-14RHEMA Bible Training College
16633General Stacks2010-04-1422010-04-14Books  HQ 769 .M56   2010-04-14RHEMA Bible Training College